| 000 | 00550nam a2200181 a 4500 | ||
|---|---|---|---|
| 003 | PILC | ||
| 005 | 20150112093441.0 | ||
| 008 | 100727s19uu xx 00 eng d | ||
| 020 | _a971101128X | ||
| 050 |
_aHF 5549.5 _b.C35 2005 |
||
| 082 |
_aSFf 658.406 _bSa51 2005 |
||
| 100 |
_aSantamaria, Josefina O. _918817 |
||
| 245 |
_aManaging your career to the top / _cJosefina O. Santamaria |
||
| 260 |
_aQuezon City, Philippines : _bNew Day Publishers, _c2005. |
||
| 300 |
_a80 pages : _c19 cm. |
||
| 650 |
_aCareer development _92039 |
||
| 942 |
_2lcc _cBK |
||
| 999 |
_c14743 _d14743 |
||